[Event "11. Villa de Coria del Rio"]
[Site "Coria del Río ESP"]
[Date "2005.02.16"]
[Round "7"]
[White "Razmyslov, Alexander"]
[Black "Caballero Garcia, Lucas"]
[Result "1-0"]
[WhiteElo "2307"]
[BlackElo "1949"]
[PlyCount "161"]
[EventDate "2005.02.07"]
[EventType "swiss"]
[EventRounds "9"]
[EventCountry "ESP"]
[Source "lmi"]
[SourceDate "2005.02.18"]

1. e4 e6 2. d4 d5 3. Nc3 Nf6 4. e5 Nfd7 5. f4 c5 6. Nf3 Nc6 7. Be3 Qa5 8. Be2
cxd4 9. Nxd4 a6 10. Nb3 Qc7 11. a4 Bb4 12. O-O Na5 13. Nxa5 Bxa5 14. Kh1 Nb6
15. Bd4 Bd7 16. Rf3 Nc4 17. b3 Nb6 18. Qg1 Nc8 19. Rb1 Bb6 20. Bxb6 Qxb6 21.
Qc1 Ne7 22. Bd3 Rc8 23. Na2 Bc6 24. Qa3 h5 25. a5 Qc7 26. Kg1 b5 27. axb6 Qxb6+
28. Kh1 Bb7 29. Qa4+ Qc6 30. Qd4 Qc5 31. Qa4+ Qc6 32. Nb4 Qxa4 33. bxa4 O-O 34.
Rf2 a5 35. Na2 Rc7 36. Nc1 Re8 37. Nb3 Nc6 38. c3 h4 39. Kg1 Ba8 40. Rc2 Rb8
41. Rcc1 Rcb7 42. Nd4 Rxb1 43. Rxb1 Rxb1+ 44. Bxb1 Nxd4 45. cxd4 Bc6 46. Bc2 f6
47. exf6 gxf6 48. Kf2 f5 49. Ke3 Kg7 50. Kd3 Kg6 51. Kc3 Kh5 52. Bd1+ Kg6 53.
Kb3 Kf6 54. Be2 Bd7 55. Bb5 Bc8 56. Kc3 Kg6 57. Kd2 Kh5 58. Ke3 Kg6 59. Kf2 Kf6
60. h3 Kg6 61. g3 hxg3+ 62. Kxg3 Kf6 63. Kh4 Kg6 64. Bc6 Ba6 65. Be8+ Kh6 66.
Bf7 Bd3 67. Bxe6 Be4 68. Kg3 Kh5 69. Bf7+ Kh6 70. h4 Bh1 71. h5 Be4 72. Kh3 Bc2
73. Be8 Bd1 74. Kh4 Bc2 75. Bd7 Bd1 76. Bxf5 Bxa4 77. Bg6 Bd7 78. f5 a4 79. f6
Be6 80. f7 Kg7 81. h6+ 1-0

[Event "11. Villa de Coria del Rio"]
[Site "Coria del Río ESP"]
[Date "2005.02.16"]
[Round "7"]
[White "Fernandez Quintero, Jose A"]
[Black "Komljenovic, Davor"]
[Result "0-1"]
[WhiteElo "2024"]
[BlackElo "2492"]
[PlyCount "68"]
[EventDate "2005.02.07"]
[EventType "swiss"]
[EventRounds "9"]
[EventCountry "ESP"]
[Source "lmi"]
[SourceDate "2005.02.18"]

1. Nf3 g6 2. c4 Bg7 3. e3 c5 4. d4 Nf6 5. Nc3 O-O 6. b3 cxd4 7. exd4 d5 8. Be2
Nc6 9. O-O Bg4 10. Ne5 Bxe2 11. Nxe2 Ne4 12. f4 Rc8 13. Qd3 Nb4 14. Qf3 f6 15.
Nd3 Nc2 16. Rb1 f5 17. Ne5 b6 18. Rd1 Nb4 19. a3 Nc6 20. Bb2 Qd6 21. Nc3 e6 22.
Nb5 Qe7 23. cxd5 exd5 24. Nc3 Rfd8 25. Rbc1 Qe6 26. Nb5 a6 27. Nc3 Na5 28. Ne2
Bf8 29. Qd3 b5 30. a4 bxa4 31. bxa4 Nc4 32. Rc2 Rb8 33. Bc1 Rdc8 34. Nc3 Rb3
0-1

[Event "11. Villa de Coria del Rio"]
[Site "Coria del Río ESP"]
[Date "2005.02.16"]
[Round "7"]
[White "Tscharotschkin, Michael"]
[Black "Fernandez Lumbreras, Miguel A"]
[Result "1-0"]
[WhiteElo "2202"]
[BlackElo "1794"]
[PlyCount "45"]
[EventDate "2005.02.07"]
[EventType "swiss"]
[EventRounds "9"]
[EventCountry "ESP"]
[Source "lmi"]
[SourceDate "2005.02.18"]

1. e4 c5 2. c3 d5 3. exd5 Qxd5 4. d4 Nc6 5. Nf3 Bg4 6. Be2 cxd4 7. cxd4 e6 8.
O-O Bb4 9. Nc3 Bxc3 10. bxc3 Nge7 11. Rb1 O-O 12. h3 Bh5 13. Rb5 Bxf3 14. Rxd5
Bxe2 15. Qxe2 Nxd5 16. c4 Nb6 17. Bb2 Rfd8 18. Rd1 Rac8 19. d5 exd5 20. cxd5
Nxd5 21. Rxd5 Rxd5 22. Qg4 Rd1+ 23. Kh2 1-0

[Event "11. Villa de Coria del Rio"]
[Site "Coria del Río ESP"]
[Date "2005.02.16"]
[Round "7"]
[White "Pallares, Salvador"]
[Black "Pereira Figueroa, Manuel"]
[Result "0-1"]
[WhiteElo "1579"]
[BlackElo "2097"]
[PlyCount "100"]
[EventDate "2005.02.07"]
[EventType "swiss"]
[EventRounds "9"]
[EventCountry "ESP"]
[Source "lmi"]
[SourceDate "2005.02.18"]

1. d4 Nf6 2. c4 g6 3. Nc3 Bg7 4. e4 d6 5. Nf3 O-O 6. Be2 Nbd7 7. O-O e5 8. dxe5
dxe5 9. Qc2 c6 10. Rd1 Qc7 11. b3 Re8 12. Ba3 Bf8 13. Bxf8 Nxf8 14. c5 Bg4 15.
h3 Bxf3 16. Bxf3 Ne6 17. Ne2 Nd7 18. b4 a5 19. a3 Ndf8 20. Rac1 Red8 21. Qc3
axb4 22. axb4 h5 23. h4 f6 24. Qb3 Kg7 25. Qc3 Rd7 26. Rxd7+ Qxd7 27. Kf1 Nc7
28. Qb3 Rd8 29. Nc3 Nfe6 30. Na4 Qd3+ 31. Qxd3 Rxd3 32. Nc3 Nd4 33. Be2 Rd2 34.
Bc4 Rb2 35. b5 cxb5 36. Bd5 Na6 37. Nd1 Rc2 38. Rxc2 Nxc2 39. c6 bxc6 40. Bxc6
Nd4 41. Be8 Nc7 42. Bd7 g5 43. Ke1 gxh4 44. Ne3 Kg6 45. Kd2 Kg5 46. Kd3 Na6 47.
Bf5 Nc5+ 48. Kc3 Nxf5 49. exf5 Ne4+ 50. Kb4 Nxf2 0-1

[Event "11. Villa de Coria del Rio"]
[Site "Coria del Río ESP"]
[Date "2005.02.16"]
[Round "7"]
[White "Rodriguez Rivas, Alvaro"]
[Black "Peña Dieguez, Manuel"]
[Result "1-0"]
[WhiteElo "1575"]
[BlackElo "2060"]
[PlyCount "89"]
[EventDate "2005.02.07"]
[EventType "swiss"]
[EventRounds "9"]
[EventCountry "ESP"]
[Source "lmi"]
[SourceDate "2005.02.18"]

1. d4 d5 2. c4 e6 3. Nc3 Nf6 4. Bg5 c6 5. e3 Nbd7 6. Nf3 Qa5 7. Nd2 dxc4 8.
Bxf6 Nxf6 9. Bxc4 b5 10. Nb3 Qb6 11. Bd3 a5 12. Ne4 Nxe4 13. Bxe4 a4 14. Rc1
Bb4+ 15. Ke2 Bd7 16. Nc5 Bxc5 17. dxc5 Qc7 18. Qd6 Qxd6 19. cxd6 Ra6 20. Rc5 f5
21. Bf3 Kf7 22. Rhc1 Rc8 23. e4 fxe4 24. Bxe4 g6 25. f4 Rb6 26. g4 b4 27. h4 e5
28. fxe5 Bxg4+ 29. Ke3 Bd7 30. Rf1+ Kg7 31. Rf6 Re8 32. Kd4 a3 33. b3 Rc8 34.
h5 gxh5 35. Bf5 Bxf5 36. Rxf5 Rf8 37. d7 Rbb8 38. Rxf8 Kxf8 39. Rxc6 Rd8 40.
Rc8 Ke7 41. Rxd8 Kxd8 42. e6 h4 43. Ke4 h5 44. Kf3 Ke7 45. Kg2 1-0

[Event "11. Villa de Coria del Rio"]
[Site "Coria del Río ESP"]
[Date "2005.02.16"]
[Round "7"]
[White "Suarez Pozo, Juan Carlos"]
[Black "Migens Romero, Juan Manuel"]
[Result "0-1"]
[WhiteElo "1842"]
[BlackElo "2113"]
[PlyCount "45"]
[EventDate "2005.02.07"]
[EventType "swiss"]
[EventRounds "9"]
[EventCountry "ESP"]
[Source "lmi"]
[SourceDate "2005.02.18"]

1. e4 c5 2. c3 d5 3. Bd3 Nc6 4. exd5 Qxd5 5. Qf3 Qd6 6. Bb5 Bd7 7. d3 a6 8. Ba4
Ne5 9. Bxd7+ Qxd7 10. Qd1 Nxd3+ 11. Kf1 Nxc1 12. Qxc1 Qd3+ 13. Ne2 O-O-O 14.
Na3 Nf6 15. h4 Ne4 16. Qe1 g6 17. Rh3 Nd2+ 18. Kg1 Qxh3 19. gxh3 Nf3+ 20. Kf1
Nxe1 21. Kxe1 Bh6 22. f4 Rd3 23. Kf2 0-1

[Event "11. Villa de Coria del Rio"]
[Site "Coria del Río ESP"]
[Date "2005.02.17"]
[Round "8"]
[White "Matamoros Franco, Carlos S"]
[Black "Barria, Daniel"]
[Result "1/2-1/2"]
[WhiteElo "2522"]
[BlackElo "2349"]
[PlyCount "47"]
[EventDate "2005.02.07"]
[EventType "swiss"]
[EventRounds "9"]
[EventCountry "ESP"]
[Source "lmi"]
[SourceDate "2005.02.18"]

1. c4 e6 2. g3 d5 3. Bg2 Nf6 4. Nf3 dxc4 5. Qa4+ Nbd7 6. Qxc4 a6 7. Qb3 Rb8 8.
a4 Be7 9. O-O O-O 10. d4 Bd6 11. Qc2 Nd5 12. Nc3 Nb4 13. Qb3 b6 14. Ng5 h6 15.
Nge4 Be7 16. Bf4 Bb7 17. Rac1 Bc6 18. Nd2 Bxg2 19. Kxg2 Nf6 20. Nf3 Rb7 21.
Rfd1 Qa8 22. Kg1 c5 23. Be5 Rc8 24. dxc5 1/2-1/2

[Event "11. Villa de Coria del Rio"]
[Site "Coria del Río ESP"]
[Date "2005.02.17"]
[Round "8"]
[White "Perez, Rodney"]
[Black "Tscharotschkin, Michael"]
[Result "1-0"]
[WhiteElo "2430"]
[BlackElo "2202"]
[PlyCount "49"]
[EventDate "2005.02.07"]
[EventType "swiss"]
[EventRounds "9"]
[EventCountry "ESP"]
[Source "lmi"]
[SourceDate "2005.02.18"]

1. e4 e6 2. b3 d5 3. Bb2 dxe4 4. Nc3 Nf6 5. Qe2 Bd7 6. Nxe4 Nxe4 7. Qxe4 Bc6 8.
Qe3 Nd7 9. O-O-O Nf6 10. Kb1 Bd6 11. Nf3 O-O 12. Bd3 Nd5 13. Qd4 Qf6 14. Qg4
Qh6 15. Ne5 Nf6 16. Qe2 Bd5 17. Rhg1 Rad8 18. c4 Bxe5 19. Bxe5 Bc6 20. Bc2 Rd7
21. g4 Rfd8 22. g5 Qh5 23. gxf6 Qxe2 24. Rxg7+ Kf8 25. Rdg1 1-0

[Event "11. Villa de Coria del Rio"]
[Site "Coria del Río ESP"]
[Date "2005.02.17"]
[Round "8"]
[White "Pereira Figueroa, Manuel"]
[Black "Teran Alvarez, Ismael"]
[Result "0-1"]
[WhiteElo "2097"]
[BlackElo "2422"]
[PlyCount "78"]
[EventDate "2005.02.07"]
[EventType "swiss"]
[EventRounds "9"]
[EventCountry "ESP"]
[Source "lmi"]
[SourceDate "2005.02.18"]

1. d4 e6 2. c4 f5 3. Nf3 Nf6 4. g3 d5 5. Bg2 c6 6. O-O Bd6 7. Nbd2 O-O 8. b3 b6
9. Bb2 Bb7 10. Ne5 Qe7 11. Ndf3 a5 12. Nd3 Na6 13. Nfe5 Rac8 14. Rc1 Rfd8 15.
Qc2 c5 16. e3 Nb4 17. Qb1 Ba6 18. Nf4 Bxe5 19. dxe5 Ne4 20. cxd5 Nd2 21. d6 Qf7
22. Qa1 Nxf1 23. Bxf1 Bxf1 24. Kxf1 g5 25. Ne2 Qb7 26. Kg1 Qf3 27. Nc3 Kg7 28.
Rf1 c4 29. Nb5 cxb3 30. axb3 Nc2 31. Qd1 Qxd1 32. Rxd1 Rc5 33. Nc7 Rxc7 34.
dxc7 Rxd1+ 35. Kg2 Ne1+ 36. Kf1 Nf3+ 37. Ke2 Rd2+ 38. Kxf3 Rc2 39. Bd4 b5 0-1

[Event "11. Villa de Coria del Rio"]
[Site "Coria del Río ESP"]
[Date "2005.02.17"]
[Round "8"]
[White "Belezky, Sasha"]
[Black "Barrero Garcia, Carlos"]
[Result "1/2-1/2"]
[WhiteElo "2399"]
[BlackElo "2292"]
[PlyCount "59"]
[EventDate "2005.02.07"]
[EventType "swiss"]
[EventRounds "9"]
[EventCountry "ESP"]
[Source "lmi"]
[SourceDate "2005.02.18"]

1. e4 Nf6 2. e5 Nd5 3. c4 Nb6 4. a4 a5 5. Ra3 d6 6. exd6 exd6 7. d4 Bf5 8. Re3+
Be7 9. Bd3 Bxd3 10. Qxd3 O-O 11. Rh3 g6 12. b3 Bg5 13. f4 Re8+ 14. Kd1 Bf6 15.
Nf3 Nc6 16. Bd2 Qd7 17. Na3 Nb4 18. Bxb4 axb4 19. Nc2 Qg4 20. Rf1 c5 21. Rg3
Qh5 22. d5 Qh6 23. Nd2 Qh5+ 24. Rgf3 Bb2 25. Nb1 Rad8 26. h3 Re7 27. g4 Qh4 28.
Re3 Nc8 29. Rfe1 Rde8 30. Nd2 1/2-1/2

[Event "11. Villa de Coria del Rio"]
[Site "Coria del Río ESP"]
[Date "2005.02.17"]
[Round "8"]
[White "Kononenko, Tatiana"]
[Black "Rodriguez Rivas, Alvaro"]
[Result "1-0"]
[WhiteElo "2372"]
[BlackElo "1575"]
[PlyCount "47"]
[EventDate "2005.02.07"]
[EventType "swiss"]
[EventRounds "9"]
[EventCountry "ESP"]
[Source "lmi"]
[SourceDate "2005.02.18"]

1. d4 f5 2. Nc3 Nf6 3. Bg5 e6 4. e4 fxe4 5. Nxe4 Be7 6. Bxf6 Bxf6 7. Nf3 g6 8.
h4 d5 9. Nxf6+ Qxf6 10. Qd2 Nc6 11. Bb5 Bd7 12. Bxc6 Bxc6 13. Ne5 Bd7 14. f4
O-O-O 15. O-O-O Bb5 16. g3 Qe7 17. Rde1 Rd6 18. h5 Rg8 19. hxg6 hxg6 20. g4 Ra6
21. a3 Qf8 22. Rh7 Rh8 23. Nxg6 Rxa3 24. Kb1 1-0

[Event "11. Villa de Coria del Rio"]
[Site "Coria del Río ESP"]
[Date "2005.02.17"]
[Round "8"]
[White "Fernandez Prieto, Armando"]
[Black "Romero Romero, Sebastian"]
[Result "1/2-1/2"]
[WhiteElo "1865"]
[BlackElo "2049"]
[PlyCount "60"]
[EventDate "2005.02.07"]
[EventType "swiss"]
[EventRounds "9"]
[EventCountry "ESP"]
[Source "lmi"]
[SourceDate "2005.02.18"]

1. e4 c5 2. Nf3 Nc6 3. d4 cxd4 4. Nxd4 Nf6 5. Nc3 e5 6. Ndb5 d6 7. a4 a6 8. Na3
Be6 9. Bc4 Be7 10. O-O O-O 11. Re1 Rc8 12. Be3 Nb8 13. Be2 d5 14. exd5 Nxd5 15.
Nxd5 Qxd5 16. Qxd5 Bxd5 17. Rec1 Be6 18. c3 f5 19. f4 Nd7 20. Nc2 Nc5 21. Re1
Bb3 22. Na3 exf4 23. Bxf4 Ne4 24. Bf3 Bc5+ 25. Be3 Bxa4 26. Bxe4 fxe4 27. Bxc5
Rxc5 28. Rxe4 Bc6 29. Re2 Rcf5 30. Rd2 h5 1/2-1/2

[Event "11. Villa de Coria del Rio"]
[Site "Coria del Río ESP"]
[Date "2005.02.17"]
[Round "8"]
[White "Morillo-Velarde Gallego, Antonio"]
[Black "Manuel Valero, Tomares"]
[Result "1-0"]
[WhiteElo "2113"]
[BlackElo "1733"]
[PlyCount "123"]
[EventDate "2005.02.07"]
[EventType "swiss"]
[EventRounds "9"]
[EventCountry "ESP"]
[Source "lmi"]
[SourceDate "2005.02.18"]

1. e4 e5 2. Nf3 d6 3. d4 exd4 4. Nxd4 c5 5. Nf3 Be7 6. Be2 Nf6 7. c3 O-O 8.
Nbd2 Ng4 9. h3 Ne5 10. O-O Nbc6 11. Nxe5 Nxe5 12. f4 Ng6 13. Nf3 a6 14. Bc4 Be6
15. Bd3 Bd7 16. Bc4 Bc6 17. Bd5 Qb6 18. f5 Ne5 19. Nxe5 dxe5 20. f6 Bxf6 21.
Rxf6 gxf6 22. Bh6 Bd7 23. Qe1 f5 24. Qg3+ Qg6 25. Qxg6+ hxg6 26. Bxf8 Kxf8 27.
exf5 Bxf5 28. Rf1 Kg7 29. Bxb7 Ra7 30. Bd5 Rd7 31. c4 e4 32. Re1 Rd6 33. Kf2
Be6 34. Bxe6 Rxe6 35. Ke3 f5 36. Rd1 Kf6 37. Rd5 Rc6 38. b3 g5 39. g4 f4+ 40.
Kxe4 Re6+ 41. Kf3 Re3+ 42. Kg2 Re2+ 43. Kf3 Rxa2 44. Rf5+ Kg6 45. Rxc5 Ra3 46.
Rc6+ Kg7 47. Rb6 a5 48. Rb5 a4 49. Rxg5+ Kh6 50. Ra5 Rxb3+ 51. Kxf4 Rb4 52.
Ra6+ Kg7 53. Kg5 Rxc4 54. Ra7+ Kf8 55. h4 Rc5+ 56. Kg6 Rc6+ 57. Kh5 Rc5+ 58. g5
Rc4 59. g6 Kg8 60. Kg5 Rc5+ 61. Kh6 Kf8 62. g7+ 1-0

[Event "11. Villa de Coria del Rio"]
[Site "Coria del Río ESP"]
[Date "2005.02.17"]
[Round "8"]
[White "Hernandez Cejudo, Jose A"]
[Black "Carrabeo Garcia, Manuel"]
[Result "0-1"]
[WhiteElo "1786"]
[BlackElo "2108"]
[PlyCount "90"]
[EventDate "2005.02.07"]
[EventType "swiss"]
[EventRounds "9"]
[EventCountry "ESP"]
[Source "lmi"]
[SourceDate "2005.02.18"]

1. e4 e6 2. d4 d5 3. exd5 exd5 4. Bd3 Nc6 5. Nf3 Bd6 6. Nc3 Nge7 7. O-O Nb4 8.
Bb5+ c6 9. Ba4 Bg4 10. Re1 O-O 11. h3 Bh5 12. a3 Na6 13. Bg5 Nc7 14. Qd3 Ne6
15. Bxe7 Qxe7 16. Ne2 Rfe8 17. c3 Qf6 18. Bc2 Bg6 19. Qd2 Be4 20. Bxe4 dxe4 21.
Nh2 Bxh2+ 22. Kxh2 Qxf2 23. Rf1 Qh4 24. Rae1 Rad8 25. Ng3 Nc7 26. Qf4 Qxf4 27.
Rxf4 e3 28. Rf3 Nd5 29. Kg1 Re6 30. Nf5 Rde8 31. c4 Nb6 32. Rfxe3 Nxc4 33. Rxe6
Rxe6 34. Rxe6 fxe6 35. Ng3 Nxb2 36. Ne4 Nc4 37. a4 Kf7 38. Kf2 Ke7 39. g4 Nb2
40. Nc3 Nd3+ 41. Ke3 Nb4 42. Ke4 Nd5 43. Ne2 a5 44. Kd3 b5 45. axb5 cxb5 0-1

[Event "11. Villa de Coria del Rio"]
[Site "Coria del Río ESP"]
[Date "2005.02.17"]
[Round "8"]
[White "Alanis Honrado, Sergio"]
[Black "Fernandez Quintero, Jose A"]
[Result "0-1"]
[WhiteElo "1755"]
[BlackElo "2024"]
[PlyCount "82"]
[EventDate "2005.02.07"]
[EventType "swiss"]
[EventRounds "9"]
[EventCountry "ESP"]
[Source "lmi"]
[SourceDate "2005.02.18"]

1. d4 d5 2. c4 c6 3. Nf3 Nf6 4. Nc3 dxc4 5. a4 Bf5 6. e3 e6 7. Bxc4 Bb4 8. O-O
Nbd7 9. Qe2 O-O 10. e4 Bg4 11. h3 Bh5 12. e5 Nd5 13. Nxd5 cxd5 14. Bd3 Rc8 15.
g4 Bg6 16. Bxg6 hxg6 17. Qb5 a5 18. Bd2 Bxd2 19. Nxd2 Rc2 20. Nf3 Qc7 21. Rfd1
Rc8 22. Rd2 Rc4 23. Ne1 Nb8 24. b3 Rc3 25. Kg2 Na6 26. Rb1 Nb4 27. Nd3 Nc2 28.
Rc1 Nxd4 29. Rxc3 Qxc3 30. Qxb7 Nxb3 31. Rb2 Nd4 32. Ne1 Rf8 33. Rb1 f6 34. Qe7
fxe5 35. Rb7 Rxf2+ 36. Kxf2 Qd2+ 37. Kf1 Qe2+ 38. Kg1 Qxe1+ 39. Kh2 Nf3+ 40.
Kg2 Nh4+ 41. Qxh4 Qxh4 0-1

[Event "11. Villa de Coria del Rio"]
[Site "Coria del Río ESP"]
[Date "2005.02.18"]
[Round "9"]
[White "Komljenovic, Davor"]
[Black "Kononenko, Tatiana"]
[Result "1-0"]
[WhiteElo "2492"]
[BlackElo "2372"]
[PlyCount "94"]
[EventDate "2005.02.07"]
[EventType "swiss"]
[EventRounds "9"]
[EventCountry "ESP"]
[Source "lmi"]
[SourceDate "2005.02.18"]

1. d4 d5 2. c4 c6 3. Nf3 Nf6 4. Nc3 dxc4 5. a4 Bf5 6. e3 e6 7. Bxc4 Bb4 8. O-O
O-O 9. Nh4 Bg4 10. f3 Bh5 11. g4 Nd5 12. Qe1 Be7 13. Ng2 Bg6 14. Qf2 Nb6 15.
Bb3 Na6 16. a5 Nd7 17. Rd1 Nb4 18. e4 c5 19. d5 Ne5 20. dxe6 Nbd3 21. Qg3 c4
22. f4 Bc5+ 23. Be3 Bxe3+ 24. Nxe3 cxb3 25. exf7+ Nxf7 26. Nf5 Bxf5 27. Rxd3
Bd7 28. Rad1 Qxa5 29. Rxd7 Qb6+ 30. Kg2 Rad8 31. f5 Rxd7 32. Rxd7 Re8 33. Qc7
Qxc7 34. Rxc7 Nd6 35. Kf3 b5 36. Rxa7 Nc4 37. Rc7 Nxb2 38. Rb7 Nc4 39. Kf4 b2
40. Rxb5 Ne5 41. Rb7 Nd3+ 42. Ke3 Ne5 43. h3 Rc8 44. Nd1 Rc2 45. g5 Rg2 46. h4
Rh2 47. Nxb2 Rxh4 1-0

[Event "11. Villa de Coria del Rio"]
[Site "Coria del Río ESP"]
[Date "2005.02.18"]
[Round "9"]
[White "Korneev, Oleg"]
[Black "Barria, Daniel"]
[Result "1-0"]
[WhiteElo "2602"]
[BlackElo "2349"]
[PlyCount "47"]
[EventDate "2005.02.07"]
[EventType "swiss"]
[EventRounds "9"]
[EventCountry "ESP"]
[Source "lmi"]
[SourceDate "2005.02.18"]

1. e4 e6 2. d4 d5 3. Nc3 Bb4 4. e5 c5 5. a3 Bxc3+ 6. bxc3 Qa5 7. Bd2 Ne7 8. Nf3
Qa4 9. Qb1 Nbc6 10. Bb5 Qa5 11. dxc5 O-O 12. O-O a6 13. c4 Qc7 14. cxd5 exd5
15. Bxc6 Nxc6 16. c4 dxc4 17. Ng5 f5 18. Qc1 h6 19. Qxc4+ Kh8 20. Nf3 Qe7 21.
Qh4 Be6 22. Bg5 Qxc5 23. Bxh6 Kg8 24. Be3 1-0

[Event "11. Villa de Coria del Rio"]
[Site "Coria del Río ESP"]
[Date "2005.02.18"]
[Round "9"]
[White "Barrero Garcia, Carlos"]
[Black "Matamoros Franco, Carlos S"]
[Result "1/2-1/2"]
[WhiteElo "2292"]
[BlackElo "2522"]
[PlyCount "53"]
[EventDate "2005.02.07"]
[EventType "swiss"]
[EventRounds "9"]
[EventCountry "ESP"]
[Source "lmi"]
[SourceDate "2005.02.18"]

1. e4 e6 2. d4 d5 3. Nc3 Nf6 4. Bg5 dxe4 5. Nxe4 Be7 6. Bxf6 Bxf6 7. Nf3 O-O 8.
Qd2 Nd7 9. O-O-O b6 10. h4 Bb7 11. Qf4 c5 12. Ne5 Qc7 13. Nxf6+ Nxf6 14. dxc5
Rac8 15. Bd3 Qxc5 16. Rhe1 Nd5 17. Qe4 f5 18. Qa4 Qxf2 19. Qd7 Nf4 20. Kb1 Bxg2
21. Re2 Qc5 22. Bc4 Rc7 23. Bxe6+ Kh8 24. Nf7+ Kg8 25. Ng5+ Kh8 26. Nf7+ Kg8
27. Ng5+ 1/2-1/2

[Event "11. Villa de Coria del Rio"]
[Site "Coria del Río ESP"]
[Date "2005.02.18"]
[Round "9"]
[White "Ivanov, Jordan"]
[Black "Belezky, Sasha"]
[Result "0-1"]
[WhiteElo "2354"]
[BlackElo "2399"]
[PlyCount "66"]
[EventDate "2005.02.07"]
[EventType "swiss"]
[EventRounds "9"]
[EventCountry "ESP"]
[Source "lmi"]
[SourceDate "2005.02.18"]

1. d4 Nf6 2. c4 g6 3. Nc3 Bg7 4. e4 d6 5. h3 O-O 6. Nf3 e5 7. d5 a5 8. Bg5 Na6
9. Be2 Qe8 10. g4 Kh8 11. Rg1 Bd7 12. Nd2 Ng8 13. Be3 f5 14. gxf5 gxf5 15. exf5
Bxf5 16. Nde4 Nf6 17. Nxf6 Bxf6 18. Bg4 Bg6 19. Qa4 Qxa4 20. Nxa4 Nb4 21. Kd2
Bh4 22. a3 Nc2 23. Raf1 Nxe3 24. Kxe3 Rf4 25. Be2 b5 26. Nc3 bxc4 27. Rg4 Rxg4
28. hxg4 Bg5+ 29. Kf3 Rf8+ 30. Kg3 Rb8 31. Bxc4 Rxb2 32. Nb5 Rc2 33. Bb3 Rc5
0-1

[Event "11. Villa de Coria del Rio"]
[Site "Coria del Río ESP"]
[Date "2005.02.18"]
[Round "9"]
[White "Peña Dieguez, Manuel"]
[Black "Razmyslov, Alexander"]
[Result "0-1"]
[WhiteElo "2060"]
[BlackElo "2307"]
[PlyCount "110"]
[EventDate "2005.02.07"]
[EventType "swiss"]
[EventRounds "9"]
[EventCountry "ESP"]
[Source "lmi"]
[SourceDate "2005.02.18"]

1. e4 c5 2. Nf3 Nc6 3. d3 g6 4. g3 Bg7 5. Bg2 d6 6. O-O Nf6 7. Nbd2 Rb8 8. c3
O-O 9. Re1 d5 10. Qc2 e5 11. Nf1 h6 12. h3 Be6 13. Nh4 Qd7 14. Kh2 g5 15. Nf5
Bxf5 16. exf5 Qxf5 17. g4 Qg6 18. Ng3 c4 19. Nf5 cxd3 20. Qxd3 e4 21. Qg3 Rfe8
22. Be3 Nh5 23. gxh5 Qxf5 24. Kg1 Qe6 25. f4 gxf4 26. Bxf4 Rbd8 27. h4 Kh8 28.
Bh3 Qe7 29. Kh1 Rg8 30. Bc7 Be5 31. Qe3 Rg3 32. Bxe5+ Qxe5 33. Qxh6+ Kg8 34.
Rg1 Rd6 35. Qe3 Rxg1+ 36. Rxg1+ Kh8 37. Rg5 Qf6 38. Bg2 Rd8 39. Qg3 b5 40. b3
a5 41. h6 b4 42. cxb4 axb4 43. h7 Ne7 44. Qg4 Qa1+ 45. Kh2 f5 46. Qg3 Qf6 47.
Kh1 f4 48. Qg4 f3 49. Bf1 e3 50. Bd3 e2 51. Bxe2 fxe2 52. Qxe2 d4 53. Qd3 Qf4
54. Kg2 Rf8 55. Qe2 Qf6 0-1

[Event "11. Villa de Coria del Rio"]
[Site "Coria del Río ESP"]
[Date "2005.02.18"]
[Round "9"]
[White "Romero Romero, Sebastian"]
[Black "Tscharotschkin, Michael"]
[Result "0-1"]
[WhiteElo "2049"]
[BlackElo "2202"]
[PlyCount "102"]
[EventDate "2005.02.07"]
[EventType "swiss"]
[EventRounds "9"]
[EventCountry "ESP"]
[Source "lmi"]
[SourceDate "2005.02.18"]

1. d4 d5 2. Nf3 Bf5 3. Bf4 e6 4. e3 Bd6 5. Bd3 Bxf4 6. exf4 Bxd3 7. Qxd3 Qd6 8.
g3 Ne7 9. Nbd2 Nd7 10. O-O-O a6 11. Ne5 Nxe5 12. fxe5 Qd7 13. f4 h5 14. h3 g6
15. Nf1 O-O-O 16. Ne3 Nf5 17. Rdg1 Qa4 18. Nxf5 gxf5 19. a3 Kb8 20. Rh2 Rc8 21.
b4 a5 22. Qb3 Qxb3 23. cxb3 axb4 24. axb4 Ka7 25. Kb2 Kb6 26. Ra1 Ra8 27. Ra4
Rhg8 28. Rxa8 Rxa8 29. Rg2 Rg8 30. Kc3 Kb5 31. Rg1 Rg7 32. Rg2 h4 33. g4 fxg4
34. hxg4 h3 35. Rh2 Rxg4 36. Rxh3 Rxf4 37. Rg3 b6 38. Rh3 c5 39. bxc5 bxc5 40.
dxc5 Kxc5 41. Rh8 Rf3+ 42. Kc2 Kd4 43. b4 Kc4 44. Rb8 Rc3+ 45. Kd2 Rb3 46. Rb7
Rxb4 47. Rxf7 d4 48. Rd7 Rb2+ 49. Kc1 Re2 50. Rc7+ Kd5 51. Rd7+ Kxe5 0-1

[Event "11. Villa de Coria del Rio"]
[Site "Coria del Río ESP"]
[Date "2005.02.18"]
[Round "9"]
[White "Caballero Garcia, Lucas"]
[Black "Morillo-Velarde Gallego, Antonio"]
[Result "1-0"]
[WhiteElo "1949"]
[BlackElo "2113"]
[PlyCount "105"]
[EventDate "2005.02.07"]
[EventType "swiss"]
[EventRounds "9"]
[EventCountry "ESP"]
[Source "lmi"]
[SourceDate "2005.02.18"]

1. d4 Nf6 2. Nf3 g6 3. Bg5 Bg7 4. e3 c5 5. c3 cxd4 6. cxd4 Ne4 7. Bf4 d6 8. Nc3
Qa5 9. Qc2 Bf5 10. Bd3 Nxc3 11. bxc3 Bxd3 12. Qxd3 Nd7 13. O-O Rc8 14. Rfc1 O-O
15. Rc2 Rc7 16. Rac1 Rfc8 17. c4 e5 18. Bg3 Qa6 19. h3 d5 20. dxe5 dxc4 21. Qe4
Rc5 22. Rd1 Qa4 23. e6 Nf6 24. exf7+ Kh8 25. Qe7 Nd5 26. Rxd5 Rxd5 27. Be5 Rxe5
28. Nxe5 Qxc2 29. Qe8+ Bf8 30. Qxc8 Qd1+ 31. Kh2 Qd6 32. f4 Qc5 33. Qxc5 Bxc5
34. Nxc4 Kg7 35. e4 Kxf7 36. Kg3 Ke6 37. Kf3 b5 38. Ne3 a5 39. Nd5 b4 40. Ke2
h6 41. g4 g5 42. f5+ Ke5 43. Kd3 Bf8 44. Ne3 a4 45. Nc4+ Kf4 46. e5 h5 47. f6
hxg4 48. hxg4 b3 49. Kc3 Bb4+ 50. Kb2 bxa2 51. Kxa2 Bc3 52. f7 Bb4 53. Nd6 1-0

[Event "11. Villa de Coria del Rio"]
[Site "Coria del Río ESP"]
[Date "2005.02.18"]
[Round "9"]
[White "Vela Ignacio, Jose M"]
[Black "Delgado Perez, Alvaro"]
[Result "1-0"]
[WhiteElo "2008"]
[BlackElo "1530"]
[PlyCount "39"]
[EventDate "2005.02.07"]
[EventType "swiss"]
[EventRounds "9"]
[EventCountry "ESP"]
[Source "lmi"]
[SourceDate "2005.02.18"]

1. e4 e5 2. d4 exd4 3. f4 Bc5 4. Nf3 d6 5. Bd3 Nc6 6. a3 a6 7. O-O Be6 8. Qe1
Qd7 9. f5 O-O-O 10. fxe6 fxe6 11. b4 Ba7 12. a4 Kb8 13. b5 Ne5 14. Nxe5 dxe5
15. bxa6 c6 16. axb7 Qxb7 17. Na3 Kc7 18. Rb1 Qa8 19. Rf7+ Rd7 20. Qa5+ 1-0

[Event "11. Villa de Coria del Rio"]
[Site "Coria del Río ESP"]
[Date "2005.02.18"]
[Round "9"]
[White "Fernandez Quintero, Jose A"]
[Black "Migens Romero, Juan Manuel"]
[Result "1/2-1/2"]
[WhiteElo "2024"]
[BlackElo "2113"]
[PlyCount "22"]
[EventDate "2005.02.07"]
[EventType "swiss"]
[EventRounds "9"]
[EventCountry "ESP"]
[Source "lmi"]
[SourceDate "2005.02.18"]

1. d4 d5 2. c4 e6 3. Nc3 Nf6 4. cxd5 exd5 5. Bg5 Be7 6. e3 a6 7. Bd3 Nc6 8. Rc1
h6 9. Bh4 O-O 10. Nge2 Ng4 11. Bxe7 Nxe7 1/2-1/2